[Event "Brasilia-ch final"]
[Site "Brasilia"]
[Date "2018.10.24"]
[Round "5"]
[White "Lucena, Lincoln"]
[Black "Navarro, Luis Flavio Cunha"]
[Result "1-0"]
[WhiteElo "2075"]
[BlackElo "1933"]
[PlyCount "83"]
[EventDate "2018.10.19"]
[EventType "tourn"]
[EventRounds "7"]
[EventCountry "BRA"]
[SourceTitle "CBM 187 Extra"]
[Source "ChessBase"]
[SourceDate "2018.11.04"]
[SourceVersion "1"]
[SourceVersionDate "2018.11.04"]
[SourceQuality "1"]

1. b3 e5 2. Bb2 Nc6 3. c4 Nf6 4. e3 d5 5. cxd5 Nxd5 6. a3 Bd6 7. Qc2 0-0 8. Nf3 Re8 9. d3 Be6 10. b4 a6 11. Nbd2 f6 12. Be2 Qd7 13. Ne4 Rad8 14. 0-0 Nce7 15. Nfd2 Ng6 16. Kh1 Kh8 17. Rg1 Bg4 18. Bf1 f5 19. Nc5 Qc8 20. h3 b6 21. Ncb3 Bh5 22. e4 Nf6 23. exf5 Qxf5 24. Ne4 Nh4 25. Nbd2 Rf8 26. f3 Bf7 27. Nc4 Nd5 28. Qf2 Ng6 29. g3 h5 30. h4 Be8 31. Bg2 b5 32. Ncd2 Bc6 33. Kh2 Nf6 34. Qe2 Bd7 35. Ng5 Nxh4 36. gxh4 Qf4+ 37. Kh1 Qxh4+ 38. Bh3 e4 39. Qg2 Ng4 40. Ndxe4 Ne3 41. Qf2 Qf4 42. Bxg7+ 1-0

[Event "Brasilia-ch final"]
[Site "Brasilia"]
[Date "2018.10.20"]
[Round "3"]
[White "Valcarcel, Victor Ignacio Sant"]
[Black "Navarro, Luis Flavio Cunha"]
[Result "0-1"]
[WhiteElo "1872"]
[BlackElo "1933"]
[PlyCount "66"]
[EventDate "2018.10.19"]
[EventType "tourn"]
[EventRounds "7"]
[EventCountry "BRA"]
[SourceTitle "CBM 187 Extra"]
[Source "ChessBase"]
[SourceDate "2018.11.04"]
[SourceVersion "1"]
[SourceVersionDate "2018.11.04"]
[SourceQuality "1"]

1. e4 c5 2. Nf3 g6 3. d4 cxd4 4. Nxd4 Nc6 5. Be3 Bg7 6. c3 Nf6 7. Nd2 0-0 8. Be2 d5 9. exd5 Nxd5 10. Nxc6 bxc6 11. Bc5 Nf4 12. Rg1 Qd5 13. Nb3 Nxg2+ 14. Kf1 Bh3 15. Qxd5 Ne3+ 16. Ke1 Nxd5 17. Rg3 Bd7 18. Rd1 Rfe8 19. Rgd3 Bf5 20. R3d2 e5 21. c4 Nf4 22. Rd6 Rec8 23. Na5 Bf8 24. Nxc6 Bxd6 25. Rxd6 Kg7 26. Bb4 Be4 27. Nxe5 Re8 28. Bc3 Nxe2 29. Kxe2 Bf5 30. Kf3 Kf8 31. c5 Rad8 32. Bb4 Rb8 33. Nc6 Be4+ 0-1

[Event "Brasilia-ch final"]
[Site "Brasilia"]
[Date "2018.10.19"]
[Round "1"]
[White "Navarro, Luis Flavio Cunha"]
[Black "Nascimento, Pedro Henrique Alve"]
[Result "1-0"]
[WhiteElo "1933"]
[BlackElo "2015"]
[PlyCount "73"]
[EventDate "2018.10.19"]
[EventType "tourn"]
[EventRounds "7"]
[EventCountry "BRA"]
[SourceTitle "CBM 187 Extra"]
[Source "ChessBase"]
[SourceDate "2018.11.04"]
[SourceVersion "1"]
[SourceVersionDate "2018.11.04"]
[SourceQuality "1"]

1. e4 e6 2. d4 d5 3. Nd2 Nc6 4. Ngf3 Nf6 5. e5 Nd7 6. Be2 f6 7. exf6 Qxf6 8. Nf1 Bd6 9. Ne3 0-0 10. 0-0 Qg6 11. c4 Ne7 12. c5 Bf4 13. Nc2 e5 14. Bxf4 exf4 15. Nce1 Nf6 16. Ne5 Qg5 17. N1f3 Qh6 18. Re1 c6 19. a4 a5 20. Ra3 Ng6 21. Rb3 Ne4 22. Nxg6 hxg6 23. Bd3 Ng5 24. Re5 Bg4 25. Rxb7 Bxf3 26. gxf3 Nh3+ 27. Kg2 Nxf2 28. Kxf2 Rab8 29. Rxb8 Qxh2+ 30. Ke1 Rxb8 31. Qe2 Qg1+ 32. Kd2 Rxb2+ 33. Bc2 Qxd4+ 34. Kc1 Rb8 35. Re8+ Rxe8 36. Qxe8+ Kh7 37. Qxg6+ 1-0

[Event "Brasilia Terraviva op"]
[Site "Brasilia"]
[Date "2018.01.14"]
[Round "6"]
[White "Navarro, Luis Flavio Cunha"]
[Black "Brito, Luismar Jorge"]
[Result "0-1"]
[WhiteElo "1936"]
[BlackElo "2302"]
[PlyCount "135"]
[EventDate "2018.01.11"]
[EventType "swiss"]
[EventRounds "7"]
[EventCountry "BRA"]
[SourceTitle "CBM 182 Extra"]
[Source "ChessBase"]
[SourceDate "2018.02.23"]
[SourceVersion "1"]
[SourceVersionDate "2018.02.23"]
[SourceQuality "1"]

1. c4 c5 2. g3 b6 3. Bg2 Nc6 4. Nf3 Bb7 5. 0-0 g6 6. Nc3 Bg7 7. d3 h5 8. Bg5 Nf6 9. Qd2 d6 10. Rae1 Qd7 11. a3 Ng4 12. h3 Nge5 13. Nxe5 dxe5 14. Nd5 f6 15. Be3 e6 16. Nc3 f5 17. Bg5 Nd4 18. Bxb7 Qxb7 19. Nb5 Nxb5 20. cxb5 Qd7 21. a4 a5 22. Rc1 Kf7 23. Rc4 Qd5 24. f3 Ra7 25. Rfc1 Rd7 26. Kg2 Qb7 27. b3 Rd4 28. Qe3 Qd5 29. Kh2 Rc8 30. Qd2 Qb7 31. Qe3 Rc7 32. Qd2 Rcd7 33. Be3 R4d5 34. Bg5 Qb8 35. Kg2 Qh8 36. Qe3 Rd4 37. Qd2 Kg8 38. Be3 R4d5 39. Bg5 Kh7 40. Be3 Qd8 41. h4 Rd4 42. Bxd4 exd4 43. f4 e5 44. Kh3 exf4 45. gxf4 Re7 46. Rf1 Qe8 47. Rc2 Bh6 48. Rf3 Re6 49. Qe1 Re7 50. Kg3 Qf7 51. Rb2 Bg7 52. Qd2 Bh6 53. Rb1 Re6 54. Rh1 Re8 55. Qc2 Qd5 56. Rh2 Kg7 57. Qc4 Qd8 58. Qc1 Re6 59. e3 Qe7 60. exd4 Re1 61. Qd2 cxd4 62. Kh3 Kf6 63. Qf2 Qe6 64. Qg3 Bxf4 65. Qg2 Qd6 66. Rg3 Qe6 67. Qb2 Kg7 68. Qxd4+ 0-1

[Event "Santarem Alter do Chao op"]
[Site "Santarem"]
[Date "2017.08.12"]
[Round "4"]
[White "Silveira, Leonardo Eleuterio"]
[Black "Navarro, Luis Flavio Cunha"]
[Result "1/2-1/2"]
[WhiteElo "2163"]
[BlackElo "1952"]
[PlyCount "52"]
[EventDate "2017.08.11"]
[EventType "swiss"]
[EventRounds "6"]
[EventCountry "BRA"]
[SourceTitle "CBM 180 Extra"]
[Source "ChessBase"]
[SourceDate "2017.10.06"]
[SourceVersion "1"]
[SourceVersionDate "2017.10.06"]
[SourceQuality "1"]

1. Nf3 Nf6 2. d4 d6 3. g3 g6 4. Bg2 Bg7 5. 0-0 0-0 6. c4 c5 7. dxc5 dxc5 8. Nc3 Nc6 9. Be3 Qa5 10. Qb3 Ng4 11. Bd2 Nd4 12. Nxd4 cxd4 13. Ne4 Qh5 14. h3 Nf6 15. g4 Qe5 16. f4 Qc7 17. Ng5 h6 18. Ne4 Nxe4 19. Bxe4 Be6 20. Rac1 Rac8 21. Qf3 Qb6 22. b3 Rc7 23. f5 Bc8 24. Qd3 a5 25. Kg2 Bf6 26. h4 Bd7 1/2-1/2

[Event "Brasilia Viva op"]
[Site "Brasilia"]
[Date "2017.05.01"]
[Round "6"]
[White "Navarro, Luis Flavio Cunha"]
[Black "Kozak, Dalton Demetrio"]
[Result "0-1"]
[WhiteElo "2056"]
[BlackElo "1898"]
[PlyCount "62"]
[EventDate "2017.04.28"]
[EventType "swiss"]
[EventRounds "7"]
[EventCountry "BRA"]
[SourceTitle "CBM 178 Extra"]
[Source "ChessBase"]
[SourceDate "2017.06.22"]
[SourceVersion "1"]
[SourceVersionDate "2017.06.22"]
[SourceQuality "1"]

1. e4 e6 2. d4 d5 3. e5 c5 4. c3 Nc6 5. Nf3 Qb6 6. Be2 cxd4 7. cxd4 Bb4+ 8. Nc3 Nge7 9. 0-0 Nf5 10. Be3 Bd7 11. Na4 Qc7 12. Rc1 0-0 13. a3 Be7 14. b4 a6 15. Nc5 Bxc5 16. Rxc5 b6 17. Rc3 Qa7 18. Bd3 Rac8 19. Bxf5 exf5 20. Ng5 h6 21. Qh5 f4 22. Bxf4 hxg5 23. Bxg5 Nxd4 24. Rg3 Bf5 25. Rd1 Bg6 26. Qg4 Nf5 27. Rgd3 Rc4 28. Qh3 Ne7 29. Rg3 Re4 30. f4 b5+ 31. Kh1 Qf2 0-1

[Event "Brasilia Viva op"]
[Site "Brasilia"]
[Date "2017.04.28"]
[Round "1"]
[White "Passos, Rafael Moreira"]
[Black "Navarro, Luis Flavio Cunha"]
[Result "1/2-1/2"]
[WhiteElo "1480"]
[BlackElo "2056"]
[PlyCount "60"]
[EventDate "2017.04.28"]
[EventType "swiss"]
[EventRounds "7"]
[EventCountry "BRA"]
[SourceTitle "CBM 178 Extra"]
[Source "ChessBase"]
[SourceDate "2017.06.22"]
[SourceVersion "1"]
[SourceVersionDate "2017.06.22"]
[SourceQuality "1"]

1. Nf3 c5 2. e4 Nc6 3. d4 cxd4 4. Nxd4 Nf6 5. Nc3 e5 6. Ndb5 d6 7. Bg5 a6 8. Na3 Be6 9. Bxf6 gxf6 10. Nd5 Rc8 11. c3 f5 12. exf5 Bxd5 13. Qxd5 Qg5 14. Bd3 Bh6 15. 0-0 Rg8 16. g3 Qg4 17. Nc4 Bf8 18. f4 Rd8 19. Rae1 f6 20. Qe6+ Be7 21. Ne3 Qg7 22. Bc4 Rf8 23. Nd5 Rd7 24. Nb6 Rc7 25. Bb3 Nd8 26. Ba4+ Nc6 27. Rd1 Qf7 28. Rxd6 Qxe6 29. Rxe6 Kf7 30. Nd5 Bc5+ 1/2-1/2